zpět

Detail výsledku týmu

U Kapličky, Orlová

Datum a čas kvízu

27 Celkem bodů Celkový počet nahraných bodů na tomto kvízu bez doplňovacích otázek.
6. Pořadí na kvízu Konečné umístění týmu na tomto kvízu.

Zaznamenané odpovědi

# Otázka Odpověď Body Výsledky
1. Kolik korun měl stát podle pův... 15 000 Kč 1
2. Na Světovém ekonomickém fóru v... Václava Havla 0
3. „Mí rodiče celý můj život kont... Beckhamových 1
4. Minulý týden se měnilo pořadí... Michal Strnad 1
5. Která tenistka zaujala při vst... Naomi Ósaka 0
6. Jak se jmenuje italský horolez... Reinhold Messner 1
7. Jak se trojslovně jmenuje tato... lezení na rychlost 0
8. Jak se jmenuje horolezecké vyb... sedák (sedací/bederní úvaz) 1
9. Po půl bodu můžete získat, kdy... El Capitan, Yosemite 0.5
10. Jak se jmenuje fenomenální slo... B) Janja Garnbret 0